War and peace / (Record no. 16716)
[ view plain ]
| 000 -LEADER | |
|---|---|
| fixed length control field | 01453nam a22003611a 4500 |
| 001 - CONTROL NUMBER | |
| control field | 014556144 |
| 003 - CONTROL NUMBER IDENTIFIER | |
| control field | EG-ScBUE |
| 005 - DATE AND TIME OF LATEST TRANSACTION | |
| control field | 20220324143801.0 |
| 008 - FIXED-LENGTH DATA ELEMENTS--GENERAL INFORMATION | |
| fixed length control field | 100223s2001 enkb f b 000 f eng d |
| 020 ## - INTERNATIONAL STANDARD BOOK NUMBER | |
| International Standard Book Number | 9781853260629 |
| 040 ## - CATALOGING SOURCE | |
| Original cataloging agency | EG-ScBUE |
| Language of cataloging | eng |
| Description conventions | rda |
| Transcribing agency | EG-ScBUE |
| Modifying agency | EG-ScBUE |
| 041 1# - LANGUAGE CODE | |
| Language code of text/sound track or separate title | eng |
| Language code of original and/or intermediate translations of text | rus |
| 082 04 - DEWEY DECIMAL CLASSIFICATION NUMBER | |
| Classification number | 891.733 |
| Edition number | 22 |
| Item number | TOL |
| 100 1# - MAIN ENTRY--PERSONAL NAME | |
| Personal name | Tolstoy, Leo, |
| Titles and other words associated with a name | graf, |
| Dates associated with a name | 1828-1910, |
| Relator term | author. |
| 9 (RLIN) | 29854 |
| 245 10 - TITLE STATEMENT | |
| Title | War and peace / |
| Statement of responsibility, etc | Leo Tolstoy ; translated by Louise and Aylmer Maude ; introduction and notes Henry and Olga Claridge. |
| 264 #1 - PUBLICATION, DISTRIBUTION, ETC. (IMPRINT) | |
| Place of publication, distribution, etc | London : |
| Name of publisher, distributor, etc | Wordsworth Editions Limited, |
| Date of publication, distribution, etc | 2001. |
| 300 ## - PHYSICAL DESCRIPTION | |
| Extent | xxix, 994 pages : |
| Other physical details | maps ; |
| Dimensions | 20 cm. |
| 336 ## - CONTENT TYPE | |
| Source | rdacontent |
| Content type term | text |
| Content type code | txt |
| 337 ## - MEDIA TYPE | |
| Source | rdamedia |
| Media type term | unmediated |
| Media type code | n |
| 338 ## - CARRIER TYPE | |
| Source | rdacarrier |
| Carrier type term | volume |
| Carrier type code | nc |
| 490 0# - SERIES STATEMENT | |
| Series statement | Wordsworth classics of world literature |
| 504 ## - BIBLIOGRAPHY, ETC. NOTE | |
| Bibliography, etc | Includes bibliographical references. |
| 546 ## - LANGUAGE NOTE | |
| Language note | Text in English ; translated from the original Russian.<br/> |
| 650 #7 - SUBJECT ADDED ENTRY--TOPICAL TERM | |
| Topical term or geographic name as entry element | Napoleonic Wars, 1800-1815 |
| General subdivision | Campaigns |
| Geographic subdivision | Russia |
| Form subdivision | Fiction. |
| 9 (RLIN) | 29856 |
| Source of heading or term | BUEsh |
| 651 #7 - SUBJECT ADDED ENTRY--GEOGRAPHIC NAME | |
| Geographic name | Russia |
| General subdivision | History |
| Chronological subdivision | Alexander I, 1801-1825 |
| Form subdivision | Fiction. |
| 9 (RLIN) | 29857 |
| Source of heading or term | BUEsh |
| 653 ## - INDEX TERM--UNCONTROLLED | |
| Arrived date list | May2012 |
| Resource For college | Humanities: English |
| 655 ## - INDEX TERM--GENRE/FORM | |
| Form subdivision | Reading book |
| 9 (RLIN) | 34232 |
| 700 1# - ADDED ENTRY--PERSONAL NAME | |
| Personal name | Maude, Louise Shanks, |
| Dates associated with a name | 1855-1939, |
| Relator term | translator. |
| 9 (RLIN) | 29858 |
| 700 1# - ADDED ENTRY--PERSONAL NAME | |
| Personal name | Maude, Aylmer, |
| Dates associated with a name | 1858-1938, |
| Relator term | translator. |
| 9 (RLIN) | 29859 |
| 700 1# - ADDED ENTRY--PERSONAL NAME | |
| Personal name | Claridge, Henry, |
| Relator term | author of introduction, etc. |
| 700 1# - ADDED ENTRY--PERSONAL NAME | |
| Personal name | Claridge, Olga, |
| Relator term | author of introduction, etc. |
| 942 ## - ADDED ENTRY ELEMENTS (KOHA) | |
| Source of classification or shelving scheme | Dewey Decimal Classification |
| Koha item type | Book - Borrowing |
| Withdrawn status | Lost status | Source of classification or shelving scheme | Damaged status | Not for loan | Collection code | Home library | Current library | Shelving location | Date acquired | Source of acquisition | Cost, normal purchase price | Serial Enumeration / chronology | Total Checkouts | Total Renewals | Full call number | Barcode | Date last seen | Date checked out | Price effective from | Koha item type | Public note |
|---|---|---|---|---|---|---|---|---|---|---|---|---|---|---|---|---|---|---|---|---|---|
| Dewey Decimal Classification | Baccah | Central Library | Central Library | Group Study Rooms | 06/05/2012 | 95.00 | 15016 | 1 | 5 | 891.733 TOL | 000026752 | 15/07/2025 | 10/06/2014 | 06/05/2012 | Book - Borrowing | Room (K) - Leo Tolstoy |